| 000 | 00449nam a2200145 a 4500 | ||
|---|---|---|---|
| 001 | 000033149 | ||
| 005 | 20200930070047.0 | ||
| 008 | 110818s1979 dr a r 000 0 spa d | ||
| 040 |
_aDO-SdBNP _bspa _cBNPHU |
||
| 082 |
_axxxx _bD352a |
||
| 100 | 1 |
_aDelgado, Osiris _958807 |
|
| 245 | 1 | 0 |
_aArquitectura de Santiago de los Caballeros / _cOsiris Delgado. |
| 260 |
_aSanto Domingo : _bFundación García-Arévalo, _c1979. |
||
| 300 |
_a24 p. : _bil. ; _c21 cm. |
||
| 999 |
_c32640 _d32640 |
||